| 000 | 02341nam a22002297a 4500 | ||
|---|---|---|---|
| 008 | 251112b |||||||| |||| 00| 0 eng d | ||
| 020 | _a9788408271949 | ||
| 040 | _ctbs | ||
| 041 | _aspa | ||
| 100 |
_aLongarela, Andrea _926121 _eauthor |
||
| 245 |
_aEl color de las cosas invisibles _c/ Andrea Longarela. |
||
| 260 |
_aBarcelona : _bCrossbooks, _c2023. |
||
| 300 |
_a511 pages ; _c23 cm. |
||
| 520 | _aLos dos quieren tener razón. Y los dos saben que se equivocan. Un enemies-to-lovers que te hará creer en el amor. Rain y Jack se odian. Rain y Jack pertenecen a planetas distintos. Rain y Jack no pueden tener menos cosas en común. Y, sin embargo, no dejan de cruzarse. Una y otra vez. Primero en el instituto, luego en un concierto e, inesperadamente, también unos años después, cuando ya creían que no volverían a encontrarse. Incluso se ven empujados a compartir una noche en una casa perdida en mitad del bosque. Rain piensa que las casualidades no existen. Jack, que las causalidades no lo explican todo. Los dos quieren tener razón. Y los dos saben que se equivocan. Y ambos intuyen que, sea cual sea la verdad, cuando se trata de amor no hay teoría científica que haga entender el mecanismo de un corazón cuando otro lo sacude. | ||
| 520 | _aThey both want to be right. And they both know they’re wrong. An enemies-to-lovers story that will make you believe in love. Rain and Jack hate each other. Rain and Jack come from different worlds. Rain and Jack couldn’t have less in common. And yet, they keep running into each other—again and again. First in high school, then at a concert, and, unexpectedly, years later, when they thought they’d never meet again. They even end up spending a night together in a secluded house deep in the woods. Rain believes coincidences don’t exist. Jack believes causality doesn’t explain everything. They both want to be right. And they both know they’re wrong. Deep down, they sense that—whatever the truth may be—when it comes to love, no scientific theory can explain the way one heart shakes another. | ||
| 650 | 0 |
_aMan-woman relationships _vFiction _911134 |
|
| 650 | 0 |
_aFriendship in children _vFiction _926498 |
|
| 650 | 0 |
_aLife on other planets _vFiction _926499 |
|
| 650 | 0 |
_aLove _vFiction _924358 |
|
| 655 | 0 |
_aRomance fiction _922778 |
|
| 942 | _2lcc | ||
| 999 |
_c5178 _d5178 |
||